000 00736nam a2200241 a 4500
999 _c12566
_d12566
001 12566
003 BD-JhCC
005 20220906102106.0
008 220904b2021 bg a|||| |||a 000 0 ben d
020 _a9789849003441
035 _a(BD-JhCC)12566
040 _aBD-JhCC
_dBD-JhCC
041 _aBengali
082 _a920
_bCHO 2021
245 _aছোটদের বঙ্গবন্ধ ও শেখ রাসেল /
_cসম্পাঃ আরিফ-উজ-জামান।
260 _aঢাকা :
_bবই পড়ি ;
_c২০২১.
300 _a64 p. :
_bill;
_c26 cm.
650 _aBiography
650 _aSheikh Rasel
700 _aউজ-জামান, আরিফ
942 _2ddc
_cBK